JAK INACZEJ MÓWIMY NA WYNAGRODZENIE? - Statystyki

Ogólne statystyki
  • Ten quiz został rozwiązany 45 razy
  • Średni wynik to 2 z 6
Statystyki odpowiedzi
Odpowiedź % Poprawnych
WYPŁATA
89%
PENSJA
63%
ZAPŁATA
32%
PŁACA
18%
PREMIA
16%
NAGRODA
13%
Nie znaleziono quizów pasujących do podanych kryteriów
Rozkład punktacji
Procent ludzi z każdym wynikiem
Percentyl według liczby udzielonych odpowiedzi
Twoja historia wyników
Nie rozwiązałeś tego quizu